Primeres Jornades de Regidors de Joventut
ISBN:
84-505-0218-7
Descripción Física:
94 p. ; 21 cm
Colección:
Materials de Joventut ; 1
MARC
| LEADER | 00000nam a2200000Ia 4500 | ||
|---|---|---|---|
| 001 | 1615 | ||
| 003 | BGR | ||
| 005 | 20260324175301.0 | ||
| 008 | 160829s1984 xx 000 0 cat d | ||
| 020 | |a 84-505-0218-7 | ||
| 080 | |a S-1-62 | ||
| 111 | |a Jornades de Regidors de Joventut |9 71265 |c (Barcelona : |d 1983) | ||
| 245 | |a Primeres Jornades de Regidors de Joventut | ||
| 260 | |a Barcelona : |b Diputació de Barcelona. Servei d'Esports i Joventut, |c 1984 | ||
| 300 | |a 94 p. ; |c 21 cm | ||
| 490 | |a Materials de Joventut ; 1 | ||
| 650 | |a Regidors municipals |x Catalunya |x Congressos |9 24833 | ||
| 651 | 0 | |a Catalunya |x Política de la joventut |v Congressos |9 56247 | |
| 710 | 1 | |a Barcelona (Catalunya : Província). |b Servei d'Esports i Joventut |9 53771 | |
| 900 | |a bib_1615_1984.pdf | ||
| 901 | |a Arxiu | ||
| 942 | |n 1 |2 udc |c JC | ||
| 952 | |0 0 |1 0 |4 0 |6 S162 |7 1 |9 43333 |a Arxiu |b Arxiu |d 2016-12-01 |l 0 |o S-1-62 |p 1615 |r 2016-12-01 00:00:00 |w 2016-12-01 |y ARXIU | ||
| 999 | |c 45878 |d 45878 | ||